Star Wars. Shadow fall /

The daredevil Republic pilots of Alphabet return in this exciting new entry in the Star Wars: Alphabet Squadron trilogy. After their narrow victory over Shadow Wing, Alphabet Squadron is on the attack, hunting their adversaries within the Imperial Remnant. Shadow Wing is desperate for direction and...

Full description

Bibliographic Details
Main Author: Freed, Alexander
Format: Book
Language:English
Published: New York : Del Rey Books, [2020]
Edition:First edition.
Series:Star wars : Alphabet Squadron ; bk. 2.
Subjects:

MARC

Tag First Indicator Second Indicator Subfields
LEADER 00000cam a2200000 i 4500
001 in00004237607
005 20201021155531.0
008 200421t20202020nyu 000 1 eng
010 |a  2020003395 
020 |a 9781984820044  |q (hardcover :  |q acid-free paper) 
020 |a 1984820044 
020 |z 9781984820051  |q (ebook) 
035 |a (OCoLC)on1152424521 
040 |a DLC  |e rda  |c DLC  |d UtOrBLW 
049 |a TXAM 
050 0 0 |a PS3606.R43747  |b S53 2020 
082 0 0 |a 813/.6  |2 23 
100 1 |a Freed, Alexander.  |0 http://id.loc.gov/authorities/names/n2010070430 
245 1 0 |a Star Wars.  |p Shadow fall /  |c Alexander Freed. 
246 3 0 |a Shadow fall 
250 |a First edition. 
264 1 |a New York :  |b Del Rey Books,  |c [2020] 
264 4 |c ©2020 
300 |a 393 pages ;  |c 25 cm. 
336 |a text  |b txt  |2 rdacontent 
337 |a unmediated  |b n  |2 rdamedia 
338 |a volume  |b nc  |2 rdacarrier 
490 1 |a Star wars : Alphabet Squadron ;  |v 2 
520 |a The daredevil Republic pilots of Alphabet return in this exciting new entry in the Star Wars: Alphabet Squadron trilogy. After their narrow victory over Shadow Wing, Alphabet Squadron is on the attack, hunting their adversaries within the Imperial Remnant. Shadow Wing is desperate for direction and leadership, and they find both in the iron will of Major Keize, their former commander and Yrica Quell's one-time mentor. As battle lines blur, Alphabet Squadron finds itself not only fighting their resurgent foes, but their leader's own deadly shadow. 
650 0 |a Imaginary wars and battles  |v Fiction.  |0 http://id.loc.gov/authorities/subjects/sh2008104271 
650 0 |a Interplanetary voyages  |v Fiction.  |0 http://id.loc.gov/authorities/subjects/sh2008104870 
650 0 |a Life on other planets  |v Fiction.  |0 http://id.loc.gov/authorities/subjects/sh2008106912 
650 0 |a Human-alien encounters  |v Fiction.  |0 http://id.loc.gov/authorities/subjects/sh2008105650 
655 0 |a Star Wars fiction. 
830 0 |a Star wars : Alphabet Squadron ;  |v bk. 2. 
945 |b 527898 
947 |a A14850803553 
948 |a cataloged  |b h  |c 2020/9/3  |d c  |e dmitchel  |f 11:50:30 am 
994 |a 92  |b TXA 
999 f f |s e2ebcac1-f8be-381b-a585-4e84d71079ad  |i 9c7ef512-e857-3dbb-8613-c5b4725f80fb  |t 0 
952 f f |p normal  |a Texas A&M University  |b College Station  |c Sterling C. Evans Library  |d Evans: Library Stacks  |t 0  |e PS3606.R43747 S53 2020  |h Library of Congress classification  |i unmediated -- volume  |m A14850803553 
952 f f |p noncirc  |a Texas A&M University  |b College Station  |c Cushing Memorial Library & Archives  |d Cushing: Science Fiction (Does not check out)  |t 0  |e PS3606.R43747 S53 2020  |h Library of Congress classification  |i unmediated -- volume  |m A14853091457 
998 f f |a PS3606.R43747 S53 2020  |t 0  |l Evans: Library Stacks 
998 f f |a PS3606.R43747 S53 2020  |t 0  |l Cushing: Science Fiction (Does not check out)